000 00277nam a22001337a 4500
008 170524b xxu||||| |||| 00| 0 eng d
020 _a9780982622667
041 _aeng
080 _a621
100 _a26
101 _aIM
245 _aLIVE.LIGHT
_cLUHAN, G
942 _2udc
_cBK
999 _c14096
_d14096